Near-rings : the theory and its applications /
Guardado en:
| Autor Principal: | |
|---|---|
| Formato: | Libro |
| Idioma: | English |
| Publicado: |
Amsterdam :
North-Holland,
1977.
|
| Series: | North-Holland mathematics studies ;
23 |
| Materias: | |
| Etiquetas: |
Agregar Etiqueta
Sin Etiquetas, Sea el primero en etiquetar este registro!
|
| LEADER | 00667cam a2200217 a 4500 | ||
|---|---|---|---|
| 001 | MAT.inmabb002760 | ||
| 008 | 761007s1977####ne#######b####001#0#eng## | ||
| 005 | 20110908132819.0 | ||
| 245 | 1 | 0 | |a Near-rings : |b the theory and its applications / |c Günter Pilz. |
| 260 | |a Amsterdam : |b North-Holland, |c 1977. | ||
| 300 | |a xiv, 393 p. ; |c 24 cm. | ||
| 440 | 0 | |a North-Holland mathematics studies ; |v 23 | |
| 504 | |a Bibliografía: p. 350-387. | ||
| 510 | 4 | |a MR, |c 57 #9761 | |
| 020 | |a 0720405661 | ||
| 100 | 1 | |a Pilz, Günter, |d 1945- | |
| 650 | 0 | |a Near-rings. | |
| 084 | |a 16Y30 |2 msc2000 | ||
| 010 | |a 76048297 | ||
| 040 | |a DLC |c DLC |d DLC | ||
| 859 | |h 16 |i P643 |p A-5218 |b BIB. MATEMATICA | ||
